000
00284nam a2200121Ia 4500
005
20251020182612.0
008
200515s9999 xx 000 0 und d
082
_a
SC/678.04+691.9/Q10
110
_a
QuĂmica Suiza
245
0
_a
Productos para concreto
260
_c
s.a.
942
_c
LIB
999
_c
3373
_d
3373